[Event "DEM U18 2020"]
[Site "Willingen GER"]
[Date "2020.10.21"]
[Round "3"]
[White "Bosselmann, Tom Linus"]
[Black "Wong, Gengchun"]
[Result "0-1"]
[Termination "normal"]
[Board "11"]
[WhiteElo "2054"]
[BlackElo "2120"]
[WhiteClock "00:02:59"]
[BlackClock "00:08:23"]
[PlyCount "74"]
[WhiteFideId "12983845"]
[BlackFideId "12963283"]
[EventCountry "GER"]
[EventRounds "7"]
[EventType "swiss"]
[EventDate "2020.10.19"]

1. e4 {[%clk 1:30:57]} c5 {[%clk 1:30:56]} 2. Nf3 {[%clk 1:30:12]} d6 {[%clk
1:31:22]} 3. d4 {[%clk 1:30:36]} cxd4 {[%clk 1:31:48]} 4. Nxd4 {[%clk 1:31:00]}
Nf6 {[%clk 1:32:15]} 5. Nc3 {[%clk 1:31:04]} a6 {[%clk 1:32:41]} 6. Be3 {[%clk
1:29:07]} e6 {[%clk 1:32:46]} 7. g4 {[%clk 1:23:23]} h5 {[%clk 1:32:14]} 8. g5
{[%clk 1:17:09]} Ng4 {[%clk 1:32:39]} 9. Bc1 {[%clk 1:14:54]} Nc6 {[%clk
1:29:26]} 10. Nxc6 {[%clk 0:55:25]} bxc6 {[%clk 1:28:51]} 11. h3 {[%clk
0:53:22]} Ne5 {[%clk 1:29:17]} 12. f4 {[%clk 0:52:57]} Ng6 {[%clk 1:29:43]} 13.
Bd3 {[%clk 0:49:28]} Be7 {[%clk 1:29:03]} 14. Qe2 {[%clk 0:43:55]} Qb6 {[%clk
1:01:53]} 15. Rb1 {[%clk 0:36:32]} Nf8 {[%clk 0:59:28]} 16. Be3 {[%clk
0:34:16]} Qc7 {[%clk 0:58:19]} 17. Rf1 {[%clk 0:32:27]} Nd7 {[%clk 0:53:55]}
18. f5 {[%clk 0:26:31]} exf5 {[%clk 0:49:59]} 19. exf5 {[%clk 0:26:32]} Ne5
{[%clk 0:48:54]} 20. Bf4 {[%clk 0:22:49]} Bb7 {[%clk 0:48:10]} 21. Ne4 {[%clk
0:17:10]} Nxd3+ {[%clk 0:43:31]} 22. Qxd3 {[%clk 0:17:37]} O-O-O {[%clk
0:43:26]} 23. Kf2 {[%clk 0:11:38]} Rhe8 {[%clk 0:40:56]} 24. Kg1 {[%clk
0:10:30]} Qb6+ {[%clk 0:38:27]} 25. Be3 {[%clk 0:09:56]} c5 {[%clk 0:38:39]}
26. Nd2 {[%clk 0:08:07]} Bxg5 {[%clk 0:28:18]} 27. Rbe1 {[%clk 0:05:53]} Bxe3+
{[%clk 0:22:52]} 28. Rxe3 {[%clk 0:06:01]} Rxe3 {[%clk 0:22:06]} 29. Qxe3
{[%clk 0:06:23]} Qxb2 {[%clk 0:21:43]} 30. Rb1 {[%clk 0:04:51]} Qf6 {[%clk
0:18:46]} 31. Rf1 {[%clk 0:03:01]} Bc6 {[%clk 0:17:00]} 32. Nc4 {[%clk
0:02:02]} Bb5 {[%clk 0:08:06]} 33. Nb6+ {[%clk 0:02:13]} Kb7 {[%clk 0:08:23]}
34. Nd5 {[%clk 0:02:31]} Qe5 {[%clk 0:08:35]} 35. Qxe5 {[%clk 0:02:34]} dxe5
{[%clk 0:09:00]} 36. Rb1 {[%clk 0:02:30]} Rxd5 {[%clk 0:08:12]} 37. c4 {[%clk
0:02:59]} Rd2 {[%clk 0:08:23]} 0-1

[Event "DEM U18 2020"]
[Site "Willingen GER"]
[Date "2020.10.21"]
[Round "3"]
[White "Matthes, Aaron"]
[Black "Papadopoulos, Ioannis"]
[Result "0-1"]
[Termination "normal"]
[Board "12"]
[WhiteElo "2198"]
[BlackElo "2186"]
[WhiteClock "00:25:21"]
[BlackClock "00:07:12"]
[PlyCount "76"]
[WhiteFideId "16227310"]
[BlackFideId "12955752"]
[EventCountry "GER"]
[EventRounds "7"]
[EventType "swiss"]
[EventDate "2020.10.19"]

1. d4 {[%clk 1:30:57]} Nf6 {[%clk 1:30:26]} 2. c4 {[%clk 1:31:20]} e6 {[%clk
1:30:51]} 3. Nc3 {[%clk 1:31:47]} Bb4 {[%clk 1:31:15]} 4. Qc2 {[%clk 1:32:13]}
O-O {[%clk 1:31:35]} 5. Nf3 {[%clk 1:32:39]} d5 {[%clk 1:30:47]} 6. cxd5 {[%clk
1:33:03]} exd5 {[%clk 1:30:17]} 7. Bg5 {[%clk 1:33:26]} c6 {[%clk 1:29:31]} 8.
e3 {[%clk 1:33:50]} Nbd7 {[%clk 1:28:18]} 9. Bd3 {[%clk 1:32:04]} h6 {[%clk
1:28:22]} 10. Bf4 {[%clk 1:31:04]} Re8 {[%clk 1:28:11]} 11. O-O {[%clk
1:31:27]} Nf8 {[%clk 1:19:30]} 12. a3 {[%clk 1:25:46]} Bd6 {[%clk 1:18:53]} 13.
Ne5 {[%clk 1:26:21]} Nh5 {[%clk 1:12:19]} 14. Be2 {[%clk 1:22:31]} Nxf4 {[%clk
1:05:06]} 15. exf4 {[%clk 1:22:15]} Qf6 {[%clk 1:01:10]} 16. g3 {[%clk
1:18:47]} Bh3 {[%clk 0:51:48]} 17. Rfe1 {[%clk 1:18:52]} Ne6 {[%clk 0:40:32]}
18. Qd2 {[%clk 1:16:35]} g5 {[%clk 0:38:52]} 19. fxg5 {[%clk 1:10:27]} hxg5
{[%clk 0:35:34]} 20. Bg4 {[%clk 0:41:48]} Nxd4 {[%clk 0:29:23]} 21. Qxd4 {[%clk
0:39:25]} Rxe5 {[%clk 0:29:18]} 22. Rxe5 {[%clk 0:39:46]} Bxe5 {[%clk 0:29:38]}
23. Qd1 {[%clk 0:39:03]} Qh6 {[%clk 0:25:34]} 24. Bh5 {[%clk 0:37:02]} Be6
{[%clk 0:24:41]} 25. Qe2 {[%clk 0:36:27]} Qf6 {[%clk 0:24:16]} 26. Rc1 {[%clk
0:33:21]} Kg7 {[%clk 0:23:50]} 27. Na4 {[%clk 0:32:26]} Rh8 {[%clk 0:22:55]}
28. Bg4 {[%clk 0:32:41]} Bd6 {[%clk 0:15:19]} 29. Nc5 {[%clk 0:29:32]} Bxc5
{[%clk 0:15:00]} 30. Rxc5 {[%clk 0:29:58]} Re8 {[%clk 0:12:32]} 31. Ra5 {[%clk
0:26:44]} Qd4 {[%clk 0:10:20]} 32. Bh5 {[%clk 0:24:49]} Bd7 {[%clk 0:08:31]}
33. Qf3 {[%clk 0:25:10]} Re7 {[%clk 0:07:33]} 34. b3 {[%clk 0:25:13]} Qe5
{[%clk 0:06:02]} 35. Bg4 {[%clk 0:24:20]} Qe1+ {[%clk 0:06:17]} 36. Kg2 {[%clk
0:24:45]} Qxa5 {[%clk 0:06:28]} 37. Bxd7 {[%clk 0:24:56]} Rxd7 {[%clk 0:06:51]}
38. Qf5 {[%clk 0:25:21]} Qd8 {[%clk 0:07:12]} 0-1

[Event "DEM U18 2020"]
[Site "Willingen GER"]
[Date "2020.10.21"]
[Round "3"]
[White "Burian, Simon"]
[Black "Wensing, Maximilian"]
[Result "1-0"]
[Termination "normal"]
[Board "13"]
[WhiteElo "2113"]
[BlackElo "2039"]
[WhiteClock "01:25:00"]
[BlackClock "00:14:09"]
[PlyCount "57"]
[WhiteFideId "12956902"]
[BlackFideId "16222415"]
[EventCountry "GER"]
[EventRounds "7"]
[EventType "swiss"]
[EventDate "2020.10.19"]

1. e4 {[%clk 1:30:58]} c5 {[%clk 1:30:48]} 2. Nf3 {[%clk 1:31:24]} d6 {[%clk
1:31:12]} 3. d4 {[%clk 1:31:51]} cxd4 {[%clk 1:31:36]} 4. Nxd4 {[%clk 1:32:15]}
Nf6 {[%clk 1:32:01]} 5. Nc3 {[%clk 1:32:41]} a6 {[%clk 1:32:26]} 6. Bg5 {[%clk
1:33:06]} e6 {[%clk 1:32:50]} 7. f4 {[%clk 1:33:33]} Be7 {[%clk 1:33:14]} 8.
Qf3 {[%clk 1:33:59]} h6 {[%clk 1:33:39]} 9. Bh4 {[%clk 1:34:24]} Nbd7 {[%clk
1:34:00]} 10. O-O-O {[%clk 1:34:48]} Qc7 {[%clk 1:34:25]} 11. g4 {[%clk
1:35:13]} g5 {[%clk 1:33:41]} 12. e5 {[%clk 1:35:40]} dxe5 {[%clk 1:15:04]} 13.
fxg5 {[%clk 1:35:54]} hxg5 {[%clk 1:06:26]} 14. Bg3 {[%clk 1:36:19]} Qb6 {[%clk
0:48:18]} 15. Nb3 {[%clk 1:36:41]} Qc6 {[%clk 0:48:39]} 16. Qe2 {[%clk
1:37:06]} Qxh1 {[%clk 0:45:44]} 17. Bg2 {[%clk 1:37:33]} Qxd1+ {[%clk 0:46:06]}
18. Nxd1 {[%clk 1:37:58]} Nd5 {[%clk 0:34:15]} 19. Bxd5 {[%clk 1:35:08]} exd5
{[%clk 0:33:14]} 20. Ne3 {[%clk 1:34:10]} f6 {[%clk 0:25:20]} 21. Nxd5 {[%clk
1:29:58]} Rb8 {[%clk 0:24:14]} 22. Nd4 {[%clk 1:26:48]} Bc5 {[%clk 0:17:44]}
23. Nxf6+ {[%clk 1:25:30]} Nxf6 {[%clk 0:17:59]} 24. Qxe5+ {[%clk 1:25:41]} Kf7
{[%clk 0:17:38]} 25. Qxc5 {[%clk 1:25:21]} Bxg4 {[%clk 0:17:39]} 26. Bxb8
{[%clk 1:25:37]} Rxb8 {[%clk 0:17:30]} 27. Qc7+ {[%clk 1:25:24]} Nd7 {[%clk
0:17:53]} 28. Nf3 {[%clk 1:25:07]} Kf6 {[%clk 0:14:09]} 29. Ne5 {[%clk
1:25:00]} 1-0